LEADER 01044nam a2200265 u 4500 001 000000029504 003 CaOOAMICUS 005 20070226111926.0 008 970321s1990 fr u000 u fre u 020 $a2213025665 035 $a10756611 040 $aEFR$bita$dPUL(R) 100 1 $aCizek, Eugen,$d1932-$0(OLS)http://pul/name/23844 245 10$aMentalités et institutions politiques romaines /$cEugen Cizek. 260 $aParis :$bFayard,$c1990. 300 $a400 p. ;$c24 cm 500 $aIndex: p. [377]-396. 504 $aBibliographie: p.[365]-375. 651 4$aRoma$xPolitica e governo.$0(OLS)http://pul/subject/3648 850 $aPUL 852 $aPUL$W1$xDP1 Altre Collocazioni$y17$mSenza collocazione$j12$nBK-PRI$b $qStampati$B40878$CPULBib$Z2$F40878 $H $81 941 1 $a8 996 $6020$a2213025665$9(OLS)http://pul/number/36931 996 $6245$aMentalités et institutions politiques romaines$9(OLS)http://pul/title/40390 996 $6260$aParis :$bFayard$9(OLS)http://pul/publisher/52106 LEADER 01172nam a2200301 a 4500 001 000000123839 003 CaOOAMICUS 005 20101129104228.0 008 101129t2009 fr u000 u fre r 020 $a978-2-204-08989-0 040 $aPUL$bita 082 04$a111 100 1 $aLafont, Ghislain,$cO.S.B.,$d1928-2021.$0(OLS)http://pul/name/9203 245 10$aQue nous est -il permis d'esperer? /$cGhislain Lafont. 260 $aParis :$bLes Éditions du Cerf,$c2009. 300 $a327 p. ;$c22 cm 490 1 $aLa nuit surveillee 504 $aBibliografia in nota. 650 4$aSperanza.$0(OLS)http://pul/subject/669 830 3$aLa nuit surveillée.$0(OLS)http://pul/title/154846 850 $aPUL 852 $aPUL$W1$xSL Filosofia 3$y81$m111 LAFGH 1$j142664$qDDC 21$B141631$CPULBib$Z2$F141631 $H115203 $82 941 1 $a9 996 $6020$a978-2-204-08989-0$9(OLS)http://pul/number/146026 996 $6082$a111$9(OLS)http://pul/classification/142 996 $6245$aQue nous est -il permis d'esperer?$9(OLS)http://pul/title/156102 996 $6260$aParis :$bLes Éditions du Cerf$9(OLS)http://pul/publisher/47861